<?xml version="1.0" encoding="UTF-8"?>
<record
    xmlns:xsi="http://www.w3.org/2001/XMLSchema-instance"
    xsi:schemaLocation="http://www.loc.gov/MARC21/slim http://www.loc.gov/standards/marcxml/schema/MARC21slim.xsd"
    xmlns="http://www.loc.gov/MARC21/slim">

  <leader>01597nam a2200229Ia 4500</leader>
  <controlfield tag="003">Ost</controlfield>
  <controlfield tag="005">20260507075008.0</controlfield>
  <controlfield tag="008">260507s9999||||xx |||||||||||||| ||und||</controlfield>
  <datafield tag="020" ind1=" " ind2=" ">
    <subfield code="a">9773790437</subfield>
  </datafield>
  <datafield tag="040" ind1=" " ind2=" ">
    <subfield code="c">fsecg</subfield>
  </datafield>
  <datafield tag="041" ind1=" " ind2=" ">
    <subfield code="a">ara</subfield>
  </datafield>
  <datafield tag="082" ind1=" " ind2=" ">
    <subfield code="a">344.04</subfield>
  </datafield>
  <datafield tag="100" ind1=" " ind2=" ">
    <subfield code="a">&#x627;&#x645;&#x627;&#x645;&#x60C; &#x645;&#x62D;&#x645;&#x62F; &#x645;&#x62D;&#x645;&#x62F; &#x639;&#x628;&#x62F;&#x647;</subfield>
    <subfield code="e">&#x645;&#x624;&#x644;&#x641;</subfield>
  </datafield>
  <datafield tag="245" ind1=" " ind2="0">
    <subfield code="a">&#x627;&#x644;&#x642;&#x627;&#x646;&#x648;&#x646; &#x627;&#x644;&#x625;&#x62F;&#x627;&#x631;&#x64A; &#x648; &#x62D;&#x645;&#x627;&#x64A;&#x629; &#x627;&#x644;&#x635;&#x62D;&#x629; &#x627;&#x644;&#x639;&#x627;&#x645;&#x629;  :</subfield>
    <subfield code="b">&#x62F;&#x631;&#x627;&#x633;&#x629; &#x645;&#x642;&#x627;&#x631;&#x646;&#x629; /</subfield>
    <subfield code="c"> &#x645;&#x62D;&#x645;&#x62F; &#x645;&#x62D;&#x645;&#x62F; &#x639;&#x628;&#x62F;&#x647; &#x627;&#x645;&#x627;&#x645;</subfield>
  </datafield>
  <datafield tag="260" ind1=" " ind2=" ">
    <subfield code="a">&#x627;&#x644;&#x627;&#x633;&#x643;&#x646;&#x62F;&#x631;&#x64A;&#x629;: </subfield>
    <subfield code="b">&#x62F;&#x627;&#x631; &#x627;&#x644;&#x641;&#x643;&#x631; &#x627;&#x644;&#x62C;&#x627;&#x645;&#x639;&#x64A;, </subfield>
    <subfield code="c">2007</subfield>
  </datafield>
  <datafield tag="300" ind1=" " ind2=" ">
    <subfield code="a">513  &#x635;&#x641;&#x62D;&#x629;&#x61B; </subfield>
    <subfield code="c">24 &#x633;&#x645;</subfield>
  </datafield>
  <datafield tag="520" ind1=" " ind2=" ">
    <subfield code="a">&#x627;&#x644;&#x628;&#x627;&#x628; &#x627;&#x644;&#x627;&#x648;&#x644; : &#x627;&#x644;&#x62D;&#x645;&#x627;&#x64A;&#x629; &#x627;&#x644;&#x642;&#x627;&#x646;&#x648;&#x646;&#x64A;&#x629; &#x644;&#x644;&#x62D;&#x642; &#x641;&#x64A; &#x633;&#x644;&#x627;&#x645;&#x629; &#x627;&#x644;&#x63A;&#x630;&#x627;&#x621;   &#x627;&#x644;&#x62D;&#x645;&#x627;&#x64A;&#x629; &#x627;&#x644;&#x642;&#x627;&#x646;&#x648;&#x646;&#x64A;&#x629; &#x644;&#x644;&#x63A;&#x630;&#x627;&#x621; &#x645;&#x646; &#x627;&#x644;&#x62A;&#x644;&#x648;&#x62B; &#x63A;&#x64A;&#x631; &#x627;&#x644;&#x639;&#x645;&#x62F;&#x64A; &#x60C; &#x627;&#x644;&#x62D;&#x645;&#x627;&#x64A;&#x629; &#x627;&#x644;&#x642;&#x627;&#x646;&#x648;&#x646;&#x64A;&#x629; &#x645;&#x646; &#x627;&#x644;&#x62A;&#x644;&#x648;&#x62B; &#x627;&#x644;&#x639;&#x645;&#x62F;&#x64A; &#x60C; &#x627;&#x644;&#x627;&#x62B;&#x627;&#x631; &#x627;&#x644;&#x646;&#x627;&#x634;&#x626;&#x629; &#x639;&#x646; &#x627;&#x644;&#x62A;&#x644;&#x648;&#x62B; &#x627;&#x644;&#x63A;&#x630;&#x627;&#x626;&#x64A;   &#x627;&#x644;&#x628;&#x627;&#x628; &#x627;&#x644;&#x62B;&#x627;&#x646;&#x64A; &#x627;&#x644;&#x636;&#x645;&#x627;&#x646;&#x627;&#x62A; &#x627;&#x644;&#x62A;&#x634;&#x631;&#x64A;&#x639;&#x64A;&#x629; &#x648;&#x627;&#x644;&#x639;&#x645;&#x644;&#x64A;&#x629; &#x644;&#x633;&#x644;&#x627;&#x645;&#x629; &#x627;&#x644;&#x63A;&#x630;&#x627;&#x621;   &#x645;&#x641;&#x647;&#x648;&#x645; &#x627;&#x644;&#x636;&#x628;&#x637; &#x648;&#x623;&#x646;&#x648;&#x627;&#x639;&#x647; &#x648;&#x647;&#x64A;&#x626;&#x627;&#x62A;&#x647; &#x60C; &#x648;&#x633;&#x627;&#x626;&#x644; &#x627;&#x644;&#x636;&#x628;&#x637; &#x627;&#x644;&#x627;&#x62F;&#x627;&#x631;&#x64A; &#x648;&#x623;&#x633;&#x627;&#x644;&#x64A;&#x628;&#x647; &#x640;&#x623; &#x63A;&#x631;&#x627;&#x636; &#x627;&#x644;&#x636;&#x628;&#x637; &#x627;&#x644;&#x627;&#x62F;&#x627;&#x631;&#x64A; &#x641;&#x64A; &#x645;&#x62C;&#x627;&#x644; &#x62D;&#x645;&#x627;&#x64A;&#x629; &#x627;&#x644;&#x63A;&#x630;&#x627;&#x621; &#x60C; &#x648;&#x62D;&#x62F;&#x629; &#x627;&#x644;&#x642;&#x627;&#x646;&#x648;&#x646; &#x623;&#x62B;&#x631;&#x647;&#x627; &#x641;&#x64A; &#x641;&#x627;&#x639;&#x644;&#x64A;&#x629; &#x627;&#x644;&#x636;&#x628;&#x637; &#x627;&#x644;&#x627;&#x62F;&#x627;&#x631;&#x64A; &#x60C; &#x627;&#x644;&#x62D;&#x633;&#x628;&#x629; &#x627;&#x644;&#x627;&#x633;&#x644;&#x627;&#x645;&#x64A;&#x629; &#x648;&#x62D;&#x645;&#x627;&#x64A;&#x629; &#x627;&#x644;&#x63A;&#x630;&#x627;&#x621; &#x60C; &#x627;&#x644;&#x646;&#x638;&#x645; &#x627;&#x644;&#x645;&#x634;&#x627;&#x631;&#x643;&#x629; &#x641;&#x64A; &#x62D;&#x645;&#x627;&#x64A;&#x629; &#x627;&#x644;&#x63A;&#x630;&#x627;&#x621;  </subfield>
  </datafield>
  <datafield tag="653" ind1=" " ind2=" ">
    <subfield code="a">&#x627;&#x644;&#x635;&#x62D;&#x629; &#x627;&#x644;&#x639;&#x627;&#x645;&#x629;</subfield>
  </datafield>
  <datafield tag="653" ind1=" " ind2=" ">
    <subfield code="a">&#x627;&#x644;&#x635;&#x62D;&#x629; &#x627;&#x644;&#x639;&#x627;&#x645;&#x629;- &#x642;&#x648;&#x627;&#x646;&#x64A;&#x646; &#x648;&#x62A;&#x634;&#x631;&#x64A;&#x639;&#x627;&#x62A; </subfield>
  </datafield>
  <datafield tag="653" ind1=" " ind2=" ">
    <subfield code="a">&#x627;&#x644;&#x642;&#x627;&#x646;&#x648;&#x646; &#x627;&#x644;&#x627;&#x62F;&#x627;&#x631;&#x64A;</subfield>
  </datafield>
  <datafield tag="942" ind1=" " ind2=" ">
    <subfield code="c">&#x643;&#x62A;&#x627;&#x628;</subfield>
  </datafield>
  <datafield tag="952" ind1=" " ind2=" ">
    <subfield code="0">0</subfield>
    <subfield code="1">0</subfield>
    <subfield code="2">ddc</subfield>
    <subfield code="4">0</subfield>
    <subfield code="7">-1</subfield>
    <subfield code="a">fsecg</subfield>
    <subfield code="b">fsecg</subfield>
    <subfield code="d">2026-05-07</subfield>
    <subfield code="h">&#x627;&#x644;&#x637;&#x627;&#x628;&#x642; &#x627;&#x644;&#x623;&#x631;&#x636;&#x64A;</subfield>
    <subfield code="i">2585</subfield>
    <subfield code="l">0</subfield>
    <subfield code="o">&#x623;/2666&#x646;1</subfield>
    <subfield code="p">2585</subfield>
    <subfield code="r">2026-05-07 07:50:08</subfield>
    <subfield code="w">2026-05-07</subfield>
    <subfield code="y">&#x643;&#x62A;&#x627;&#x628;</subfield>
  </datafield>
  <datafield tag="952" ind1=" " ind2=" ">
    <subfield code="0">0</subfield>
    <subfield code="1">0</subfield>
    <subfield code="2">ddc</subfield>
    <subfield code="4">0</subfield>
    <subfield code="7">0</subfield>
    <subfield code="a">fsecg</subfield>
    <subfield code="b">fsecg</subfield>
    <subfield code="d">2026-05-07</subfield>
    <subfield code="h">&#x627;&#x644;&#x637;&#x627;&#x628;&#x642; &#x627;&#x644;&#x623;&#x631;&#x636;&#x64A;</subfield>
    <subfield code="i">2586</subfield>
    <subfield code="l">0</subfield>
    <subfield code="o">&#x623;/2666&#x646;2</subfield>
    <subfield code="p">2586</subfield>
    <subfield code="r">2026-05-07 07:50:08</subfield>
    <subfield code="w">2026-05-07</subfield>
    <subfield code="y">&#x643;&#x62A;&#x627;&#x628;</subfield>
  </datafield>
  <datafield tag="952" ind1=" " ind2=" ">
    <subfield code="0">0</subfield>
    <subfield code="1">0</subfield>
    <subfield code="2">ddc</subfield>
    <subfield code="4">0</subfield>
    <subfield code="7">0</subfield>
    <subfield code="a">fsecg</subfield>
    <subfield code="b">fsecg</subfield>
    <subfield code="d">2026-05-07</subfield>
    <subfield code="h">&#x627;&#x644;&#x637;&#x627;&#x628;&#x642; &#x627;&#x644;&#x623;&#x631;&#x636;&#x64A;</subfield>
    <subfield code="i">2587</subfield>
    <subfield code="l">0</subfield>
    <subfield code="o">&#x623;/2666&#x646;3</subfield>
    <subfield code="p">2587</subfield>
    <subfield code="r">2026-05-07 07:50:08</subfield>
    <subfield code="w">2026-05-07</subfield>
    <subfield code="y">&#x643;&#x62A;&#x627;&#x628;</subfield>
  </datafield>
  <datafield tag="952" ind1=" " ind2=" ">
    <subfield code="0">0</subfield>
    <subfield code="1">0</subfield>
    <subfield code="2">ddc</subfield>
    <subfield code="4">0</subfield>
    <subfield code="7">0</subfield>
    <subfield code="a">fsecg</subfield>
    <subfield code="b">fsecg</subfield>
    <subfield code="d">2026-05-07</subfield>
    <subfield code="h">&#x627;&#x644;&#x637;&#x627;&#x628;&#x642; &#x627;&#x644;&#x62B;&#x627;&#x646;&#x64A;</subfield>
    <subfield code="i">2588</subfield>
    <subfield code="l">0</subfield>
    <subfield code="o">&#x623;/2666&#x646;4</subfield>
    <subfield code="p">2588</subfield>
    <subfield code="r">2026-05-07 07:50:08</subfield>
    <subfield code="w">2026-05-07</subfield>
    <subfield code="y">&#x643;&#x62A;&#x627;&#x628;</subfield>
  </datafield>
  <datafield tag="952" ind1=" " ind2=" ">
    <subfield code="0">0</subfield>
    <subfield code="1">0</subfield>
    <subfield code="2">ddc</subfield>
    <subfield code="4">0</subfield>
    <subfield code="7">0</subfield>
    <subfield code="a">fsecg</subfield>
    <subfield code="b">fsecg</subfield>
    <subfield code="d">2026-05-07</subfield>
    <subfield code="h">&#x627;&#x644;&#x637;&#x627;&#x628;&#x642; &#x627;&#x644;&#x62B;&#x627;&#x646;&#x64A;</subfield>
    <subfield code="i">2589</subfield>
    <subfield code="l">0</subfield>
    <subfield code="o">&#x623;/2666&#x646;5</subfield>
    <subfield code="p">2589</subfield>
    <subfield code="r">2026-05-07 07:50:08</subfield>
    <subfield code="w">2026-05-07</subfield>
    <subfield code="y">&#x643;&#x62A;&#x627;&#x628;</subfield>
  </datafield>
  <datafield tag="952" ind1=" " ind2=" ">
    <subfield code="0">0</subfield>
    <subfield code="1">0</subfield>
    <subfield code="2">ddc</subfield>
    <subfield code="4">0</subfield>
    <subfield code="7">0</subfield>
    <subfield code="a">fsecg</subfield>
    <subfield code="b">fsecg</subfield>
    <subfield code="d">2026-05-07</subfield>
    <subfield code="h">&#x645;&#x643;&#x62A;&#x628;&#x629; &#x628;&#x646; &#x639;&#x643;&#x646;&#x648;&#x646;</subfield>
    <subfield code="i">2590</subfield>
    <subfield code="l">0</subfield>
    <subfield code="o">&#x623;/2666&#x646;6</subfield>
    <subfield code="p">2590</subfield>
    <subfield code="r">2026-05-07 07:50:08</subfield>
    <subfield code="w">2026-05-07</subfield>
    <subfield code="y">&#x643;&#x62A;&#x627;&#x628;</subfield>
  </datafield>
  <datafield tag="952" ind1=" " ind2=" ">
    <subfield code="0">0</subfield>
    <subfield code="1">0</subfield>
    <subfield code="2">ddc</subfield>
    <subfield code="4">0</subfield>
    <subfield code="7">0</subfield>
    <subfield code="a">fsecg</subfield>
    <subfield code="b">fsecg</subfield>
    <subfield code="d">2026-05-07</subfield>
    <subfield code="h">&#x645;&#x643;&#x62A;&#x628;&#x629; &#x628;&#x646; &#x639;&#x643;&#x646;&#x648;&#x646;</subfield>
    <subfield code="i">2591</subfield>
    <subfield code="l">0</subfield>
    <subfield code="o">&#x623;/2666&#x646;7</subfield>
    <subfield code="p">2591</subfield>
    <subfield code="r">2026-05-07 07:50:08</subfield>
    <subfield code="w">2026-05-07</subfield>
    <subfield code="y">&#x643;&#x62A;&#x627;&#x628;</subfield>
  </datafield>
  <datafield tag="952" ind1=" " ind2=" ">
    <subfield code="0">0</subfield>
    <subfield code="1">0</subfield>
    <subfield code="2">ddc</subfield>
    <subfield code="4">0</subfield>
    <subfield code="7">0</subfield>
    <subfield code="a">fsecg</subfield>
    <subfield code="b">fsecg</subfield>
    <subfield code="d">2026-05-07</subfield>
    <subfield code="h">&#x645;&#x643;&#x62A;&#x628;&#x629; &#x628;&#x646; &#x639;&#x643;&#x646;&#x648;&#x646;</subfield>
    <subfield code="i">2592</subfield>
    <subfield code="l">0</subfield>
    <subfield code="o">&#x623;/2666&#x646;8</subfield>
    <subfield code="p">2592</subfield>
    <subfield code="r">2026-05-07 07:50:08</subfield>
    <subfield code="w">2026-05-07</subfield>
    <subfield code="y">&#x643;&#x62A;&#x627;&#x628;</subfield>
  </datafield>
  <datafield tag="999" ind1=" " ind2=" ">
    <subfield code="c">42134</subfield>
    <subfield code="d">42134</subfield>
  </datafield>
</record>
